|
|
|
|
| LEADER |
00000cam a2200000 7i4500 |
| 001 |
0000003368 |
| 002 |
000003633 |
| 005 |
20000330.0 |
| 020 |
|
|
|a 0861636015
|
| 090 |
0 |
0 |
|a JF
|b BLY
|
| 100 |
1 |
|
|a Blyton, Enid
|
| 245 |
1 |
0 |
|a Five have plenty of fun
|c Enid Blyton ; illustrated by Jolyne Knox
|
| 260 |
|
|
|a London :
|b Award Publications ,
|c 1992
|
| 300 |
|
|
|a 173 p. :
|b ill. ;
|c 19 cm.
|
| 490 |
0 |
|
|a Famous Five
|
| 650 |
0 |
0 |
|a Adventure stories
|
| 700 |
1 |
|
|a Knox, Jolyne ,
|e illustrated
|
| 999 |
|
|
|a 031261
|b BUKU
|c PINJAMAN
|e PERPUSTAKAAN KOMUNITI PETALING JAYA
|
| 999 |
|
|
|a 031262
|b BUKU
|c PINJAMAN
|e PERPUSTAKAAN KOMUNITI PETALING JAYA
|
| 999 |
|
|
|a 041244
|b BUKU
|c PINJAMAN
|e PERPUSTAKAAN KOMUNITI PETALING JAYA
|
| 999 |
|
|
|a 041245
|b BUKU
|c PINJAMAN
|e PERPUSTAKAAN KOMUNITI PETALING JAYA
|
| 999 |
|
|
|a 041246
|b BUKU
|c PINJAMAN
|e PERPUSTAKAAN KOMUNITI PETALING JAYA
|
| 999 |
|
|
|a 057009
|b BUKU
|c PINJAMAN
|e PERPUSTAKAAN KOMUNITI PETALING JAYA
|
| 999 |
|
|
|a 057010
|b BUKU
|c PINJAMAN
|e PERPUSTAKAAN KOMUNITI PETALING JAYA
|